Silver magic : (Record no. 1760)

MARC details
000 -LEADER
fixed length control field 02504cam a22004218i 4500
001 - CONTROL NUMBER
control field data
005 - DATE AND TIME OF LATEST TRANSACTION
control field 20260322212116.0
008 - FIXED-LENGTH DATA ELEMENTS--GENERAL INFORMATION
fixed length control field data
035 ## - SYSTEM CONTROL NUMBER
System control number 22761525
010 ## - LIBRARY OF CONGRESS CONTROL NUMBER
LC control number 2022027824
020 ## - INTERNATIONAL STANDARD BOOK NUMBER
International Standard Book Number 9781032285764
Qualifying information (hardback)
020 ## - INTERNATIONAL STANDARD BOOK NUMBER
International Standard Book Number 9781032285795
Qualifying information (paperback)
020 ## - INTERNATIONAL STANDARD BOOK NUMBER
Canceled/invalid ISBN 9781003297512
Qualifying information (ebook)
040 ## - CATALOGING SOURCE
Original cataloging agency DLC
Language of cataloging eng
Description conventions rda
Transcribing agency DLC
042 ## - AUTHENTICATION CODE
Authentication code pcc
050 00 - LIBRARY OF CONGRESS CALL NUMBER
Classification number PZ8
Item number .S34565 2023
082 00 - DEWEY DECIMAL CLASSIFICATION NUMBER
Classification number 398.2
Edition information 23/eng/20221006
245 00 - TITLE STATEMENT
Title Silver magic :
Remainder of title the world's best fairy tales /
Statement of responsibility, etc. collected and arranged by Romer Wilson ; edited by Jack Zipes ; illustrated by Violet Brunton.
263 ## - PROJECTED PUBLICATION DATE
Projected publication date 2212
264 #1 - PRODUCTION, PUBLICATION, DISTRIBUTION, MANUFACTURE, AND COPYRIGHT NOTICE
Place of production, publication, distribution, manufacture New York, NY :
-- New York, NY :
Name of producer, publisher, distributor, manufacturer Routledge,
Date of production, publication, distribution, manufacture, or copyright notice 2023.
300 ## - PHYSICAL DESCRIPTION
Extent pages cm
336 ## - CONTENT TYPE
Content type term text
Content type code txt
Source rdacontent
337 ## - MEDIA TYPE
Media type term unmediated
Media type code n
Source rdamedia
338 ## - CARRIER TYPE
Carrier type term volume
Carrier type code nc
Source rdacarrier
505 0# - FORMATTED CONTENTS NOTE
Formatted contents note On Giants and Dwarfs / Romer Wilson -- The Miraculous Pitcher / Nathaniel Hawthorne -- Simmerwater: A Yorkshire Philemon / Anonymous -- The Marriage of Cupid and Psyche / Apuleius -- The Werewolf / Petronius -- Eight Tales from Gesta Romanorum / Charles Swan -- The Goose-Girl at the Well / J.E. Taylor (Brothers Grimm) -- Clever Alice / J.E. Taylor (Brothers Grimm) -- Lohengrin / Anonymous -- The Master-Thief / Anonymous -- Boots and the Eating Match with the Troll / Asbjørnsen and Moe (Dasent) -- How the Sea Became Salt / Anonymous -- Finn MacCool and Future Events / F.R. Davies -- Finn MacCool and the Giant / F.R. Davies -- O'Donaghue's Pigs / Anonymous -- Davy Hanlan / Patrick Cody -- Some Nonsense / Anonymous -- The Twelve Dancing Princesses / Thomas Roscoe (Brothers Grimm) -- Cinderella, or, The Little Glass Slipper / James R. Planché (Charles Perrault) -- The Yellow Dwarf / James R. Planché (Mme d'Aulnoy) -- Beauty and the Beast / James R. Planché (Mme Villeneuve).
520 ## - SUMMARY, ETC.
Summary, etc. A collection of familiar and lesser-known fairy tales.
650 #0 - SUBJECT ADDED ENTRY--TOPICAL TERM
Topical term or geographic name entry element Fairy tales.
650 #1 - SUBJECT ADDED ENTRY--TOPICAL TERM
Topical term or geographic name entry element Fairy tales.
650 #1 - SUBJECT ADDED ENTRY--TOPICAL TERM
Topical term or geographic name entry element Folklore.
655 #7 - INDEX TERM--GENRE/FORM
Genre/form data or focus term Fairy tales.
Source of term lcgft
700 1# - ADDED ENTRY--PERSONAL NAME
Personal name Wilson, Romer,
Dates associated with a name 1891-1930,
Relator term compiler.
700 1# - ADDED ENTRY--PERSONAL NAME
Personal name Zipes, Jack,
Dates associated with a name 1937-
Relator term editor.
700 1# - ADDED ENTRY--PERSONAL NAME
Personal name Brunton, Violet,
Relator term illustrator.
776 08 - ADDITIONAL PHYSICAL FORM ENTRY
Relationship information Online version:
Title Silver magic
Place, publisher, and date of publication Abingdon, Oxon ; New York, NY : Routledge, 2023
International Standard Book Number 9781003297512
Record control number (DLC) 2022027825
906 ## - LOCAL DATA ELEMENT F, LDF (RLIN)
a 7
b cbc
c orignew
d 1
e ecip
f 20
g y-gencatlg
925 0# -
-- acquire
-- 1 shelf copy
-- policy default
955 ## - COPY-LEVEL INFORMATION (RLIN)
-- xm13 2022-10-06
Holdings
Withdrawn status Lost status Damaged status Not for loan Home library Current library Shelving location Date acquired Total checkouts Full call number Barcode Date last seen Price effective from Koha item type
        Fairview Fairview General stacks 22/03/2026   398.2 LOC-FPL-00045 22/03/2026 22/03/2026 Books